| 000 | 01150nam a22003377a 4500 | ||
|---|---|---|---|
| 003 | CHAP | ||
| 005 | 20220329135448.0 | ||
| 008 | 971013s1969 r 00010 d | ||
| 010 | _a36915 | ||
| 011 | _a37887 | ||
| 035 | _a42007 | ||
| 040 | _cCHAP | ||
| 082 |
_a972.06 _bP3 |
||
| 100 | 0 | 0 |
_aParcero, María de la Luz. _985486 |
| 245 |
_aLorenzo de Zavala _b: fuentes y origen de la reforma liberal en México |
||
| 260 |
_aMéxico : _bINAH, _c1969 |
||
| 300 | _a292 p. | ||
| 490 |
_aINAH. Historia _v; 20 |
||
| 590 |
_aBATCH-UPD _b10 _c20130110 _lUCH01 _h1553 |
||
| 590 |
_aBATCH-UPD _b10 _c20130410 _lUCH01 _h0950 |
||
| 590 |
_aBATCH-UPD _b10 _c20130914 _lUCH01 _h1649 |
||
| 590 |
_aCONVERSION _b10 _c20130109 _lUCH01 _h1321 |
||
| 650 | 1 | 4 |
_aMéxico _xHistoria _xReforma. _976765 |
| 700 | 0 |
_aZavala, Lorenzo de. _9123817 |
|
| 710 | 0 |
_aInstituto Nacional de Antropología e Historia. México. _959286 |
|
| 830 | 0 |
_aINAH. Historia _v; 20 _957513 |
|
| 901 | _aBK | ||
| 942 | _cLIBRO | ||
| 949 |
_a972.06 P3 _bBC _cLIBRO _d33724000150645 _eLIBRO _h47325 _i42007 _sb _t48.00 |
||
| 949 |
_a972.06 P3 _bBC _cLIBRO _d33724000150652 _eLIBRO _fc.2 _h47326 _i42007 _si _t48.00 |
||
| 999 |
_c36915 _d36915 |
||